Taking sides : (Record no. 33353)
[ view plain ]
| 000 -LEADER | |
|---|---|
| fixed length control field | 00849nam a22002891 4500 |
| 001 - CONTROL NUMBER | |
| control field | 33353 |
| 003 - CONTROL NUMBER IDENTIFIER | |
| rucl marc code | BD-RjUL |
| 005 - DATE AND TIME OF LATEST TRANSACTION | |
| control field | 20211209052007.0 |
| 008 - FIXED-LENGTH DATA ELEMENTS--GENERAL INFORMATION | |
| fixed length control field | 140507s1986 u b 001 0 eng d |
| 020 ## - INTERNATIONAL STANDARD BOOK NUMBER | |
| International Standard Book Number | 0335152511 |
| International Standard Book Number | 033515252X pbk |
| 035 ## - SYSTEM CONTROL NUMBER | |
| System control number | (BD-RjUL)33444 |
| 040 ## - CATALOGING SOURCE | |
| Original cataloging agency | BD-RjUL |
| Language of cataloging | eng |
| Transcribing agency | BD-RjUL |
| 041 ## - LANGUAGE CODE | |
| Language code of text/sound track or separate title | eng |
| 082 ## - DEWEY DECIMAL CLASSIFICATION NUMBER | |
| Classification number | 822.914 |
| 100 1# - MAIN ENTRY--PERSONAL NAME | |
| Personal name | Jefferson, Thomas |
| 9 (RLIN) | 101242 |
| 245 10 - TITLE STATEMENT | |
| Title | Taking sides : |
| Remainder of title | Clashing views on controversial social issue / |
| Statement of responsibility, etc. | thomas Jefferson |
| 250 ## - EDITION STATEMENT | |
| Edition statement | 4th ed. |
| 260 ## - PUBLICATION, DISTRIBUTION, ETC. (IMPRINT) | |
| Place of publication, distribution, etc. | Connectcute : |
| Name of publisher, distributor, etc. | The dusking pulishing group, |
| Date of publication, distribution, etc. | 1986. |
| 300 ## - PHYSICAL DESCRIPTION | |
| Pagination | x,386 p. ; |
| Size | 24 cm |
| 504 ## - BIBLIOGRAPHY, ETC. NOTE | |
| Bibliography, etc | Bibliography: p. 170-172 |
| Bibliography, etc | Includes index |
| 600 10 - SUBJECT ADDED ENTRY--PERSONAL NAME | |
| Personal name | Le Carrรฉ, John, |
| Dates associated with a name | 1931- |
| General subdivision | Criticism and interpretation. |
| 942 ## - ADDED ENTRY ELEMENTS (KOHA) | |
| Source of classification or shelving scheme | Dewey Decimal Classification |
| Koha item type | Books |
| Lost status | Source of classification or shelving scheme | Damaged status | Not for loan | Collection code | Permanent Location | Current Location | Shelving location | Date acquired | Source of acquisition | Cost, normal purchase price | Total Checkouts | Full call number | Date last seen | Copy number | Koha item type |
|---|---|---|---|---|---|---|---|---|---|---|---|---|---|---|---|
| Dewey Decimal Classification | Not For Loan | Non-fiction | Central Library, University of Rajshahi | Central Library, University of Rajshahi | Reading Room | 28/10/1989 | Asia foundation | 0.00 | 822.914 JET 1986 | 07/05/2014 | C-1 | Books |